[Event "Sitges Sunway op 10th"]
[Site "Sitges"]
[Date "2023.12.12"]
[Round "1"]
[White "Peralta, Fernando"]
[Black "Van der Valk, Niklas"]
[Result "1-0"]
[WhiteElo "2581"]
[BlackElo "2085"]
[PlyCount "45"]
[EventDate "2023.12.12"]
[EventType "swiss"]
[EventRounds "10"]
[EventCountry "ESP"]
[SourceTitle "CB52_2023"]
[SourceDate "2023.12.27"]
[SourceVersion "1"]
[SourceVersionDate "2023.12.27"]
[SourceQuality "1"]

1. d4 Nf6 2. c4 e6 3. Nc3 Bb4 4. e3 0-0 5. Bd3 d5 6. cxd5 exd5 7. a3 Bd6 8. Qc2 a6 9. Nge2 Re8 10. 0-0 b6 11. b4 Bb7 12. Rb1 Ra7 13. f3 Qe7 14. Ng3 g6 15. e4 Bxg3 16. hxg3 dxe4 17. fxe4 Nxe4 18. Bh6 Nd7 19. Nxe4 Bxe4 20. Rbe1 f5 21. Rxe4 fxe4 22. Bc4+ Kh8 23. Rf7 1-0

[Event "Eindhoven WLC op 13th"]
[Site "Eindhoven"]
[Date "2023.05.05"]
[Round "1"]
[White "Van der Valk, Niklas"]
[Black "Cuyvers, Jens"]
[Result "1/2-1/2"]
[WhiteElo "2155"]
[BlackElo "1895"]
[PlyCount "163"]
[EventDate "2023.05.05"]
[EventType "swiss"]
[EventRounds "6"]
[EventCountry "NED"]
[SourceTitle "CBM 214 Extra"]
[Source "ChessBase"]
[SourceDate "2023.07.31"]
[SourceVersion "1"]
[SourceVersionDate "2023.07.31"]
[SourceQuality "1"]

1. c4 e6 2. g3 d5 3. Bg2 Nf6 4. Nf3 Be7 5. d4 0-0 6. Nc3 Nbd7 7. Qd3 dxc4 8. Qxc4 Nb6 9. Qb3 Nbd5 10. 0-0 b6 11. Ne5 Bb7 12. Rd1 Qc8 13. Na4 Nb4 14. a3 Bxg2 15. Kxg2 Qb7+ 16. Qf3 Nbd5 17. Bg5 Qa6 18. Nc3 Nxc3 19. bxc3 Nd5 20. Bd2 Bd6 21. Nd3 c5 22. e4 Nc7 23. Nb2 cxd4 24. cxd4 Nb5 25. Qd3 Nc7 26. Nc4 Be7 27. Bf4 Rac8 28. a4 Nd5 29. exd5 Qxc4 30. Qxc4 Rxc4 31. d6 Bf6 32. Be5 Rfc8 33. Rac1 Bd8 34. Rxc4 Rxc4 35. g4 f6 36. Bg3 Kf7 37. a5 bxa5 38. Kf3 a4 39. Bf4 Bb6 40. Be3 a3 41. d5 e5 42. Ke2 a2 43. Ra1 Ra4 44. Kd3 Bxe3 45. fxe3 e4+ 46. Kc3 g6 47. Kb3 Ra6 48. Kc4 Ke8 49. Kb5 Rb6+ 50. Kc5 Rb2 51. Kd4 Kd7 52. h4 Kxd6 53. Kxe4 Rd2 54. h5 a5 55. hxg6 hxg6 56. Rf1 Rf2 57. Rc1 Rb2 58. Ra1 a4 59. Kd4 Rd2+ 60. Kc3 Re2 61. Kd4 Rg2 62. e4 Rb2 63. g5 fxg5 64. e5+ Kd7 65. Ke3 g4 66. Kf4 Rg2 67. Kg5 g3 68. Kg4 Rd2 69. Kxg3 Rxd5 70. Rxa2 Rd4 71. Re2 Ke6 72. Kf3 Rb4 73. Rg2 Kf5 74. e6 Kf6 75. e7 Kxe7 76. Rxg6 Kd7 77. Ke3 Kc7 78. Kd3 Kb7 79. Kc3 Rh4 80. Kb2 Rf4 81. Ka3 Rh4 82. Rf6 1/2-1/2

[Event "Bayern-chI Bank Hofmann 25th"]
[Site "Tegernsee"]
[Date "2022.11.12"]
[Round "8"]
[White "Van der Valk, Niklas"]
[Black "Zysk, Robert"]
[Result "1/2-1/2"]
[WhiteElo "2175"]
[BlackElo "2402"]
[PlyCount "62"]
[EventDate "2022.11.05"]
[EventType "swiss"]
[EventRounds "9"]
[EventCountry "GER"]
[SourceTitle "CBM 211 Extra"]
[Source "ChessBase"]
[SourceDate "2023.01.31"]
[SourceVersion "1"]
[SourceVersionDate "2023.01.31"]
[SourceQuality "1"]

1. c4 e6 2. Nf3 Nf6 3. g3 d5 4. Bg2 d4 5. 0-0 c5 6. e3 Nc6 7. exd4 cxd4 8. d3 Bd6 9. Re1 0-0 10. Bg5 h6 11. Bxf6 Qxf6 12. Nbd2 Qd8 13. a3 a5 14. Rc1 Re8 15. c5 Bc7 16. Nc4 e5 17. Nfd2 Be6 18. Ne4 Re7 19. Ned6 Bxd6 20. cxd6 Rd7 21. Bxc6 bxc6 22. Rxe5 Bxc4 23. Rxc4 Rxd6 24. Qa4 Rb8 25. Rxa5 Qe8 26. Kg2 Qe2 27. Rxd4 Rxb2 28. Rf4 Qxd3 29. Rc5 Rb1 30. Qc4 Qxc4 31. Rfxc4 Ra1 1/2-1/2

[Event "Bayern-chI Bank Hofmann 25th"]
[Site "Tegernsee"]
[Date "2022.11.07"]
[Round "3"]
[White "Feuerstack, Aljoscha"]
[Black "Van der Valk, Niklas"]
[Result "1-0"]
[WhiteElo "2467"]
[BlackElo "2175"]
[PlyCount "85"]
[EventDate "2022.11.05"]
[EventType "swiss"]
[EventRounds "9"]
[EventCountry "GER"]
[SourceTitle "CBM 211 Extra"]
[Source "ChessBase"]
[SourceDate "2023.01.31"]
[SourceVersion "1"]
[SourceVersionDate "2023.01.31"]
[SourceQuality "1"]

1. e4 c6 2. Nf3 d5 3. d3 dxe4 4. dxe4 Qxd1+ 5. Kxd1 Bg4 6. Be2 Nd7 7. Ne1 Bxe2+ 8. Kxe2 e5 9. Nd3 f6 10. Be3 Bd6 11. a4 a6 12. Nd2 Ne7 13. Nc4 Bc7 14. a5 Ng6 15. g3 h5 16. Rhd1 0-0-0 17. Rd2 Ngf8 18. Rad1 Ne6 19. b4 g5 20. Ndb2 Rhe8 21. Na4 Ndf8 22. Nab6+ Kb8 23. c3 Rxd2+ 24. Rxd2 Rd8 25. Rxd8+ Bxd8 26. Nd6 Bxb6 27. axb6 Nd7 28. h4 gxh4 29. gxh4 c5 30. Ne8 cxb4 31. cxb4 Nd4+ 32. Bxd4 exd4 33. Kd3 Kc8 34. Kxd4 Kd8 35. Nd6 Nxb6 36. Nxb7+ Kc7 37. Nc5 Na8 38. Kd5 Kb6 39. Ke6 Kc6 40. Kxf6 a5 41. bxa5 Kxc5 42. Kg6 Kb4 43. Kxh5 1-0

[Event "Eindhoven WLC op 12th"]
[Site "Eindhoven"]
[Date "2022.05.15"]
[Round "6"]
[White "Klapwijk, Bram"]
[Black "Van der Valk, Niklas"]
[Result "1/2-1/2"]
[WhiteElo "2245"]
[BlackElo "2200"]
[PlyCount "103"]
[EventDate "2022.05.13"]
[EventType "swiss"]
[EventRounds "6"]
[EventCountry "NED"]
[SourceTitle "CBM 208 Extra"]
[Source "ChessBase"]
[SourceDate "2022.07.31"]
[SourceVersion "1"]
[SourceVersionDate "2022.07.31"]
[SourceQuality "1"]

1. e4 c6 2. Bc4 e6 3. Bb3 c5 4. d4 cxd4 5. Nf3 Nf6 6. e5 Ne4 7. Qxd4 f5 8. exf6 Nxf6 9. c3 Nc6 10. Qh4 g6 11. Bg5 Bg7 12. Nbd2 h6 13. Be3 g5 14. Qc4 d5 15. Qd3 0-0 16. 0-0-0 Bd7 17. Bc5 a5 18. Rhe1 a4 19. Bc2 a3 20. b3 Qa5 21. Bd6 Rfc8 22. Ne5 Nxe5 23. Bxe5 Qd8 24. Re3 Qe7 25. Rf3 Rf8 26. Qg6 Be8 27. Qd3 Bh5 28. Re1 Bxf3 29. gxf3 Rf7 30. Nf1 Kf8 31. Ng3 Ne8 32. Nh5 Bxe5 33. Rxe5 Qc7 34. Rxe6 Qxh2 35. Rxh6 Qg1+ 36. Qd1 Qxd1+ 37. Bxd1 Rc8 38. Kd2 Rfc7 39. Bc2 Rxc3 40. Bf5 R8c7 41. f4 gxf4 42. Nxf4 R3c6 43. Ne6+ Rxe6 44. Bxe6 Rc6 45. Rh8+ Ke7 46. Bg4 Nf6 47. f3 Nxg4 48. fxg4 Rg6 49. Ra8 Rxg4 50. Rxa3 Kd6 51. Ra7 Kc5 52. Rxb7 1/2-1/2

[Event "Eindhoven WLC op 12th"]
[Site "Eindhoven"]
[Date "2022.05.15"]
[Round "5"]
[White "Van der Valk, Niklas"]
[Black "Faber, Hugo"]
[Result "1-0"]
[WhiteElo "2200"]
[BlackElo "2076"]
[PlyCount "69"]
[EventDate "2022.05.13"]
[EventType "swiss"]
[EventRounds "6"]
[EventCountry "NED"]
[SourceTitle "CBM 208 Extra"]
[Source "ChessBase"]
[SourceDate "2022.07.31"]
[SourceVersion "1"]
[SourceVersionDate "2022.07.31"]
[SourceQuality "1"]

1. c4 e6 2. g3 d5 3. Bg2 Nf6 4. Nf3 Be7 5. d4 0-0 6. Nc3 Nbd7 7. Qd3 b6 8. 0-0 Bb7 9. Bf4 a6 10. Rac1 c5 11. cxd5 exd5 12. Rfd1 c4 13. Qc2 b5 14. Ne5 Nb6 15. e4 dxe4 16. Nxe4 Nxe4 17. Bxe4 Bxe4 18. Qxe4 Qd5 19. Qe2 Rfe8 20. Qd2 Bf8 21. Ng4 Qd8 22. d5 f6 23. h4 Qd7 24. Ne3 Re4 25. d6 Rae8 26. Nd5 Nxd5 27. Qxd5+ Kh8 28. b3 Rxf4 29. gxf4 Bxd6 30. Re1 Qg4+ 31. Qg2 Rxe1+ 32. Rxe1 h5 33. Qxg4 hxg4 34. bxc4 bxc4 35. Rc1 1-0

[Event "Eindhoven WLC op 12th"]
[Site "Eindhoven"]
[Date "2022.05.13"]
[Round "1"]
[White "Van der Valk, Niklas"]
[Black "Blijlevens, Pim"]
[Result "1-0"]
[WhiteElo "2200"]
[BlackElo "1958"]
[PlyCount "213"]
[EventDate "2022.05.13"]
[EventType "swiss"]
[EventRounds "6"]
[EventCountry "NED"]
[SourceTitle "CBM 208 Extra"]
[Source "ChessBase"]
[SourceDate "2022.07.31"]
[SourceVersion "1"]
[SourceVersionDate "2022.07.31"]
[SourceQuality "1"]

1. c4 f5 2. Nc3 Nf6 3. d4 e6 4. g3 Be7 5. Bg2 0-0 6. Nf3 d6 7. 0-0 Ne4 8. Qc2 Nxc3 9. bxc3 Bf6 10. e4 fxe4 11. Qxe4 Nc6 12. Re1 e5 13. h4 g6 14. h5 Bf5 15. Qd5+ Kh8 16. hxg6 hxg6 17. Bh6 Re8 18. Kh2 Re7 19. Rh1 Rh7 20. Kg1 a6 21. dxe5 dxe5 22. Be3 Rxh1+ 23. Kxh1 Qe7 24. Nh2 Rd8 25. Qf3 Kg7 26. Ng4 Bg5 27. Bxg5 Qxg5 28. Ne3 Bd3 29. Kg1 e4 30. Qg4 Qxg4 31. Nxg4 Re8 32. Bf1 Ne5 33. Nxe5 Rxe5 34. Bxd3 exd3 35. Rd1 Rc5 36. Rxd3 Rxc4 37. Kf1 Kf6 38. Ke2 Ra4 39. Rd2 Ra3 40. Kd3 Ke5 41. Kc4 b5+ 42. Kb4 Ra4+ 43. Kb3 Rc4 44. Rd7 Ke6 45. Rh7 Rc6 46. Rg7 Kf6 47. Rd7 Ke5 48. Re7+ Kf5 49. Re3 g5 50. Rf3+ Ke4 51. Rf7 Kd3 52. Rd7+ Ke4 53. Re7+ Kf5 54. f3 Kf6 55. Rh7 Kg6 56. Re7 Kf6 57. Rd7 Ke5 58. Rg7 Kf6 59. Rg8 Rc4 60. Rf8+ Kg7 61. Rf5 Kg6 62. Rd5 Kf6 63. a3 Kg6 64. Kc2 Kf6 65. Rd8 Rc6 66. Ra8 Kf5 67. Rf8+ Kg6 68. Re8 Kf7 69. Re5 Kf6 70. Re4 Kg6 71. Kb3 Rf6 72. Re3 Rc6 73. Kc2 Kf5 74. Re4 Kg6 75. Kd3 Kf6 76. a4 Rd6+ 77. Kc2 c5 78. axb5 axb5 79. Re8 c4 80. Rf8+ Kg6 81. Rb8 Rd5 82. Rb6+ Kf7 83. Rb7+ Kf6 84. Rb8 Kf7 85. Rb7+ Kf6 86. g4 Ke6 87. Rb8 Kf6 88. Rf8+ Kg6 89. Kb2 Kg7 90. Rb8 Kg6 91. Rb6+ Kf7 92. Kc2 Kg7 93. Re6 Kf7 94. Rb6 Kg7 95. Rb8 Kg6 96. Kb2 Kg7 97. Ka3 Rd3 98. Kb4 Rxf3 99. Rxb5 Kg6 100. Rc5 Kf6 101. Rxc4 Ke5 102. Rd4 Rf4 103. Kc4 Re4 104. Rxe4+ Kxe4 105. Kb5 Kf4 106. c4 Kxg4 107. c5 1-0

[Event "Bremen Silvester op"]
[Site "Bremen"]
[Date "2021.12.27"]
[Round "1"]
[White "Lu, Yunong Elias"]
[Black "Van der Valk, Niklas"]
[Result "0-1"]
[WhiteElo "1600"]
[BlackElo "2170"]
[PlyCount "88"]
[EventDate "2021.12.21"]
[EventType "swiss"]
[EventRounds "7"]
[EventCountry "GER"]
[SourceTitle "CBM 205 Extra"]
[Source "ChessBase"]
[SourceDate "2022.01.31"]
[SourceVersion "1"]
[SourceVersionDate "2022.01.31"]
[SourceQuality "1"]

1. e4 c6 2. Nc3 d5 3. Nf3 dxe4 4. Nxe4 Nf6 5. Qe2 Nxe4 6. Qxe4 Nd7 7. Bc4 Nf6 8. Ne5 e6 9. Qe2 b5 10. Bd3 Bb7 11. a4 a6 12. 0-0 Be7 13. b3 0-0 14. Bb2 Qc7 15. Ng4 Nxg4 16. Qxg4 g6 17. Rae1 Rad8 18. Re3 Rd5 19. Rh3 e5 20. f4 f5 21. Qg3 exf4 22. Qxf4 Bc5+ 23. Kh1 Qxf4 24. Rxf4 Re8 25. Rf1 Rd7 26. Rg3 Rf7 27. c4 b4 28. h4 Bd6 29. Re3 Rxe3 30. dxe3 c5 31. h5 Re7 32. hxg6 hxg6 33. Bc1 Rh7+ 34. Kg1 Rh4 35. Be2 Kf7 36. Bf3 Bxf3 37. gxf3 Ke6 38. Rd1 Rh3 39. Kg2 Rh2+ 40. Kg1 Rc2 41. e4 Rc3 42. exf5+ gxf5 43. Re1+ Kd7 44. Rd1 Kc6 0-1

[Event "Staufer op 32nd"]
[Site "Schwaebisch Gmuend"]
[Date "2020.01.04"]
[Round "6"]
[White "Van der Valk, Niklas"]
[Black "Hacker, Jonas"]
[Result "0-1"]
[WhiteElo "2149"]
[BlackElo "2375"]
[PlyCount "116"]
[EventDate "2020.01.02"]
[EventType "swiss"]
[EventRounds "9"]
[EventCountry "GER"]
[SourceTitle "CBM 194 Extra"]
[Source "ChessBase"]
[SourceDate "2020.03.31"]
[SourceVersion "1"]
[SourceVersionDate "2020.03.31"]
[SourceQuality "1"]

1. c4 e6 2. g3 d5 3. Nf3 Nf6 4. Bg2 dxc4 5. Qa4+ Nbd7 6. Qxc4 a6 7. Qc2 c5 8. Nc3 Ra7 9. d3 Be7 10. e4 0-0 11. h3 Nb8 12. 0-0 Nc6 13. Rd1 e5 14. Bg5 Be6 15. Rac1 h6 16. Bxf6 Bxf6 17. Nd5 b6 18. Kh2 Bxd5 19. exd5 Nb4 20. Qc4 Qxd5 21. a3 Qxc4 22. dxc4 Nc6 23. Rd6 Rc8 24. Ng1 Rac7 25. Ne2 Be7 26. Rxc6 Rxc6 27. Bxc6 Rxc6 28. Nc3 Rd6 29. Nd5 Bf6 30. Re1 e4 31. b3 Re6 32. Nc7 Re7 33. Nd5 Re6 34. Nc7 Re5 35. Nxa6 Rf5 36. Kg2 Bd4 37. Re2 Rf3 38. Nc7 Rxb3 39. Rxe4 Rb2 40. Nb5 Rxf2+ 41. Kh1 Rd2 42. Re8+ Kh7 43. Rb8 Be5 44. Rxb6 Bxg3 45. Rc6 Rh2+ 46. Kg1 Rc2 47. a4 f5 48. Na3 Ra2 49. Nb1 Bf2+ 50. Kg2 Bd4+ 51. Kf1 f4 52. a5 f3 53. Rb6 Rc2 54. Re6 f2 55. Kg2 Rc1 56. Nd2 Rg1+ 57. Kf3 Rd1 58. Kg2 Rxd2 0-1

[Event "Rheinland Pfalz op 10th"]
[Site "Nickenich"]
[Date "2018.05.31"]
[Round "1"]
[White "Hoppe, Jens"]
[Black "Van der Valk, Niklas"]
[Result "0-1"]
[WhiteElo "1689"]
[BlackElo "2138"]
[PlyCount "90"]
[EventDate "2018.05.31"]
[EventType "swiss"]
[EventRounds "7"]
[EventCountry "GER"]
[SourceTitle "CBM 184 Extra"]
[Source "ChessBase"]
[SourceDate "2018.06.28"]
[SourceVersion "1"]
[SourceVersionDate "2018.06.28"]
[SourceQuality "1"]

1. c4 c5 2. g3 g6 3. Bg2 Bg7 4. Nf3 Nc6 5. Nc3 e6 6. d3 Nge7 7. 0-0 d5 8. cxd5 exd5 9. Qb3 0-0 10. Bg5 b6 11. Rac1 h6 12. Bf4 Be6 13. Qd1 d4 14. Nb5 Nd5 15. Bd2 a6 16. Na3 Ndb4 17. Bxb4 Nxb4 18. Nc4 Nxa2 19. Ra1 Nb4 20. Nfe5 Bd5 21. Nf3 Re8 22. Re1 Qc7 23. Ncd2 Rad8 24. Nb3 Qb7 25. Nbd2 b5 26. Nf1 c4 27. dxc4 bxc4 28. Ra4 Bc6 29. N1d2 Qb5 30. b3 cxb3 31. Rxb4 Qxb4 32. Qxb3 Rb8 33. Qa2 Qa4 34. Ra1 Qxa2 35. Rxa2 Bb5 36. Nb3 Rxe2 37. Rxe2 Bxe2 38. Nbxd4 Bxd4 39. Nxd4 Rb1+ 40. Bf1 Bxf1 41. f4 a5 42. Kf2 a4 43. Nf3 a3 44. Nd2 Rb2 45. Kxf1 Rxd2 0-1

[Event "Erfurt MT op 27th"]
[Site "Erfurt"]
[Date "2017.12.29"]
[Round "6"]
[White "Wichmann, Cliff"]
[Black "Van der Valk, Niklas"]
[Result "1-0"]
[WhiteElo "2314"]
[BlackElo "2168"]
[PlyCount "80"]
[EventDate "2017.12.26"]
[EventType "swiss"]
[EventRounds "8"]
[EventCountry "GER"]
[SourceTitle "CBM 182 Extra"]
[Source "ChessBase"]
[SourceDate "2018.02.23"]
[SourceVersion "1"]
[SourceVersionDate "2018.02.23"]
[SourceQuality "1"]

1. d4 Nf6 2. Nf3 e6 3. g3 c5 4. Bg2 d5 5. 0-0 Nc6 6. c4 dxc4 7. Qa4 Bd7 8. Qxc4 b5 9. Qd3 Rc8 10. dxc5 Bxc5 11. Nc3 Nb4 12. Qd1 Qb6 13. a3 Nbd5 14. Nxd5 exd5 15. b4 Be7 16. Be3 Qb8 17. Qd3 0-0 18. Bf4 Qb6 19. Be5 a5 20. Bd4 Qd8 21. Ne5 Be8 22. Rac1 Rxc1 23. Rxc1 axb4 24. axb4 Bxb4 25. Nc6 Bxc6 26. Rxc6 Be7 27. Qxb5 Ne4 28. Ra6 Bf6 29. Bxe4 dxe4 30. Bxf6 gxf6 31. Kg2 Qe7 32. Qf5 Qe5 33. Rxf6 Qxf5 34. Rxf5 Re8 35. Kh3 e3 36. f4 Kg7 37. Kg2 f6 38. Kf3 Kg6 39. Rd5 Ra8 40. Kxe3 Ra3+ 1-0

[Event "Mittelrhein Regionalliga 15/16"]
[Site "Nordrheinwestfalen"]
[Date "2016.02.21"]
[Round "7.2"]
[White "Van der Valk, Niklas"]
[Black "Mueller, Norbert"]
[Result "1-0"]
[WhiteElo "2132"]
[BlackElo "2029"]
[PlyCount "95"]
[EventDate "2015.09.27"]
[EventType "team-tourn"]
[EventRounds "9"]
[EventCountry "GER"]
[SourceTitle "EXT 2022"]
[Source "ChessBase"]
[SourceDate "2021.10.06"]
[SourceVersion "1"]
[SourceVersionDate "2021.10.06"]
[SourceQuality "1"]
[WhiteTeam "Godesberg III"]
[BlackTeam "Aachen PTSV"]
[WhiteTeamCountry "GER"]
[BlackTeamCountry "GER"]

1. d4 g6 2. c4 Bg7 3. Nf3 d6 4. Nc3 c5 5. e3 Na6 6. Be2 Nf6 7. 0-0 0-0 8. b3 Re8 9. Bb2 Bd7 10. Qd2 Rb8 11. d5 Nc7 12. a4 e5 13. dxe6 Bxe6 14. Rfd1 d5 15. Ng5 Qe7 16. Nxe6 fxe6 17. Bf3 dxc4 18. bxc4 Red8 19. Qe2 a5 20. Rxd8+ Rxd8 21. Bxb7 Nce8 22. Bf3 Nd7 23. Nb5 Ne5 24. Bxe5 Bxe5 25. Ra2 Qd7 26. g3 Nc7 27. Na7 Bc3 28. Qc2 Qg7 29. Qe4 e5 30. Rc2 Bb4 31. Nc6 Rd6 32. Qxe5 Qd7 33. Ne7+ Kf7 34. Nd5 Ne8 35. Nxb4 axb4 36. Bd5+ Kf8 37. Qh8+ Ke7 38. Qxh7+ Kd8 39. Qxd7+ Kxd7 40. Kf1 Ra6 41. Ra2 Nc7 42. Be4 Re6 43. Bf3 Rf6 44. Ke2 Rb6 45. a5 b3 46. Rd2+ Rd6 47. Rxd6+ Kxd6 48. Kd2 1-0

[Event "Maastricht Limburg op-A 9th"]
[Site "Maastricht"]
[Date "2015.05.25"]
[Round "6"]
[White "Martinez Reyes, Pedro Ramon"]
[Black "Van der Valk, Niklas"]
[Result "1-0"]
[WhiteElo "2322"]
[BlackElo "2128"]
[PlyCount "87"]
[EventDate "2015.05.22"]
[EventType "swiss"]
[EventRounds "7"]
[EventCountry "NED"]
[SourceTitle "CBM 166 Extra"]
[Source "ChessBase"]
[SourceDate "2015.06.18"]
[SourceVersion "1"]
[SourceVersionDate "2015.06.18"]
[SourceQuality "1"]

1. e4 e5 2. Nf3 Nc6 3. Bb5 a6 4. Bxc6 dxc6 5. 0-0 f6 6. d4 Bg4 7. dxe5 Qxd1 8. Rxd1 fxe5 9. Rd3 Bd6 10. Nbd2 Nf6 11. Nc4 Bxf3 12. Rxf3 0-0 13. Re3 Kf7 14. Re2 Ke6 15. Bg5 Ng8 16. Rd1 h6 17. Be3 Nf6 18. f3 c5 19. Red2 Be7 20. Bf2 b5 21. Ne3 g6 22. Nd5 Nxd5 23. exd5+ Kf6 24. Re2 g5 25. Rde1 Bd6 26. Re4 Rfe8 27. c4 b4 28. h4 Re7 29. Kf1 a5 30. Ke2 a4 31. Rh1 Kg6 32. Be3 Rf7 33. Kd3 Raf8 34. Rg4 Rf5 35. hxg5 hxg5 36. Ke4 Be7 37. Rg3 Rg8 38. Rgh3 Bf8 39. Rh8 Rxh8 40. Rxh8 Rf7 41. Rg8+ Kh7 42. Rxg5 Bd6 43. Rf5 Rg7 44. Rh5+ 1-0

[Event "Maastricht Limburg op-A 9th"]
[Site "Maastricht"]
[Date "2015.05.24"]
[Round "5"]
[White "Van der Valk, Niklas"]
[Black "De Jong, Jan Willem"]
[Result "1/2-1/2"]
[WhiteElo "2128"]
[BlackElo "2457"]
[PlyCount "131"]
[EventDate "2015.05.22"]
[EventType "swiss"]
[EventRounds "7"]
[EventCountry "NED"]
[SourceTitle "CBM 166 Extra"]
[Source "ChessBase"]
[SourceDate "2015.06.18"]
[SourceVersion "1"]
[SourceVersionDate "2015.06.18"]
[SourceQuality "1"]

1. d4 Nf6 2. Nf3 g6 3. c4 Bg7 4. Nc3 d5 5. Bf4 0-0 6. e3 c5 7. dxc5 Qa5 8. Rc1 dxc4 9. Bxc4 Nc6 10. 0-0 Qxc5 11. Bb3 Qa5 12. Qe2 Nh5 13. Bg5 Bg4 14. Bh4 Qb4 15. Qc4 Bxf3 16. gxf3 Qa5 17. Qe2 Qf5 18. Nd5 Qh3 19. Bg3 e6 20. Nc3 Ne5 21. Rfd1 Qf5 22. Kg2 Qf6 23. Rd2 Rfd8 24. Rcd1 Rxd2 25. Rxd2 a6 26. Bxe5 Qxe5 27. f4 Qc7 28. Qf3 Nf6 29. Ne4 Nd7 30. Rc2 Qb6 31. Qd1 Nf8 32. Qd6 Qd8 33. Qxd8 Rxd8 34. Bc4 Rc8 35. b3 Nd7 36. Nd6 Rc7 37. Bd3 Rxc2 38. Bxc2 b6 39. Ne4 f5 40. Ng5 e5 41. fxe5 Bxe5 42. f4 Bd6 43. Nh3 Nf6 44. Nf2 Nd5 45. Kf3 Ba3 46. Nd1 Kf7 47. e4 fxe4+ 48. Bxe4 Ke6 49. Bd3 b5 50. Ne3 Nc3 51. f5+ Kf7 52. fxg6+ hxg6 53. Nc2 Bd6 54. a4 Bxh2 55. Nd4 bxa4 56. bxa4 a5 57. Bc2 Kf6 58. Ne2 Nd5 59. Nd4 g5 60. Nc6 Bc7 61. Bb3 Nf4 62. Bd1 Nd3 63. Ke3 Nc5 64. Kd4 Nd7 65. Bg4 Bb6+ 66. Kd5 1/2-1/2

[Event "Mittelrhein Regionalliga 1415"]
[Site "Mittelrhein"]
[Date "2014.11.09"]
[Round "3.3"]
[White "Van der Valk, Niklas"]
[Black "Gaehler, Cornelius"]
[Result "1-0"]
[WhiteElo "2018"]
[BlackElo "2078"]
[PlyCount "81"]
[EventDate "2014.09.28"]
[EventType "team-tourn"]
[EventRounds "9"]
[EventCountry "GER"]
[SourceTitle "EXT 2023"]
[Source "ChessBase"]
[SourceDate "2022.10.05"]
[SourceVersion "1"]
[SourceVersionDate "2022.10.05"]
[SourceQuality "1"]
[WhiteTeam "Godesberg III"]
[BlackTeam "Rheinbacher SF"]
[WhiteTeamCountry "GER"]
[BlackTeamCountry "GER"]

1. d4 f5 2. g3 Nf6 3. Bg2 g6 4. c4 Bg7 5. b4 0-0 6. Bb2 d6 7. Nf3 Qe8 8. Qb3 Kh8 9. 0-0 Nbd7 10. d5 a5 11. a3 e5 12. dxe6 Qxe6 13. Nd4 Qf7 14. Nc3 Nb6 15. Nd5 Nbxd5 16. cxd5 Re8 17. Rac1 axb4 18. axb4 Re7 19. Rc2 Ne8 20. b5 Bd7 21. Rfc1 f4 22. b6 Ba4 23. Qa3 cxb6 24. Rc8 Rxc8 25. Rxc8 fxg3 26. hxg3 Bd7 27. Rb8 Qf6 28. Rxb7 Bg4 29. Rxb6 Qg5 30. Rb8 Qd2 31. Qa1 Bxe2 32. Nxe2 Qxe2 33. Rxe8+ Rxe8 34. Bxg7+ Kg8 35. Bc3 Rf8 36. Qa7 Qd1+ 37. Bf1 Rf7 38. Qb8+ Rf8 39. Qc7 Rf7 40. Qd8+ Rf8 41. Qxd6 1-0

[Event "Mittelrhein Regionalliga 1314"]
[Site "Mittelrhein"]
[Date "2013.12.15"]
[Round "5.4"]
[White "Van der Valk, Niklas"]
[Black "Marcziter, Dmitrii"]
[Result "1/2-1/2"]
[WhiteElo "2046"]
[BlackElo "2167"]
[PlyCount "81"]
[EventDate "2013.09.15"]
[EventType "team-tourn"]
[EventRounds "11"]
[EventCountry "GER"]
[SourceTitle "EXT 2023"]
[Source "ChessBase"]
[SourceDate "2022.10.05"]
[SourceVersion "1"]
[SourceVersionDate "2022.10.05"]
[SourceQuality "1"]
[WhiteTeam "Godesberg III"]
[BlackTeam "Aachen DJK Aufwaerts II"]
[WhiteTeamCountry "GER"]
[BlackTeamCountry "GER"]

1. d4 d5 2. c4 e6 3. Nf3 c5 4. cxd5 exd5 5. g3 Nc6 6. Bg2 Nf6 7. 0-0 Be7 8. dxc5 Bxc5 9. a3 0-0 10. b4 Bb6 11. Bb2 Bg4 12. Nc3 Re8 13. Na4 Bc7 14. Re1 Ne4 15. Rc1 Qd7 16. Nd4 Bh3 17. Bxe4 dxe4 18. Nxc6 bxc6 19. Qxd7 Bxd7 20. Nc5 Bg4 21. Na6 Bb6 22. Rxc6 Rac8 23. Rxc8 Rxc8 24. e3 Rc2 25. Bd4 Ra2 26. Ra1 Rxa1+ 27. Bxa1 Be2 28. Nc5 Bxc5 29. bxc5 Bb5 30. Kg2 f5 31. f3 g5 32. g4 fxg4 33. fxg4 Kf7 34. Kg3 Kg6 35. h4 h6 36. Be5 a6 37. Bd6 Kf7 38. hxg5 hxg5 39. Bc7 Bd7 40. Bd8 Kg6 41. Be7 1/2-1/2